Ján Kvačalas wissenschaftliche Korrespondenz im Umfeld seiner Studien zu Leben und Werk Daniel Emst Jablonskis

Titel: Ján Kvačalas wissenschaftliche Korrespondenz im Umfeld seiner Studien zu Leben und Werk Daniel Emst Jablonskis / Libor Bernát
Verfasser:
In: Zwischen Dorpat, Pressburg und Wien, (2018), Seite 99-112
alle Artikel anzeigen
Veröffentlicht: 2018
Umfang: 1 Illustration
Format: Aufsatz
Sprache: Deutsch
Schlagworte:
Kein Bild verfügbar
X
alg: 43955614
001A    $03025:04-12-18 
001B    $01999:04-12-18 $t23:38:43.000 
001D    $03025:04-12-18 
001U    $0utf8 
001X    $00 
002@    $0Aou 
002C    $aText $btxt $2rdacontent 
002D    $aohne Hilfsmittel zu benutzen $bn $2rdamedia 
002E    $aBand $bnc $2rdacarrier 
003@    $0439556147 
007A    $0439556147 $aHEB 
010@    $ager 
010E    $erda 
011@    $a2018 
021A    $aJán Kvačalas wissenschaftliche Korrespondenz im Umfeld seiner Studien zu Leben und Werk Daniel Emst Jablonskis $hLibor Bernát 
028A    $BVerfasser $#Bernát, L. $4aut $71053692854 $8Bernát, Libor$Z1958- [Tp3] $9343555093 
031A    $h99-112 $j2018 
034M    $a1 Illustration 
039B    $aEnthalten in $8--Aau--. Zwischen Dorpat, Pressburg und Wien. - Wiesbaden : Harrassowitz Verlag, 2018. - 398 Seiten. - Illustrationen. - ISBN 978-3-447-11044-0 $x201800000000000901 $943324769X 
044K    $#Kvačala, Jan $#Kvačala, Jan Radomil $#Kvacala, Ján Rodomil $#Kvacsala, Ján Radomil $#Kvacsala, János $#Kvačala, Johannes $#Kvacsala, Johann $#Kvacsala, Johannes $#Kvacala, Jvan $#Kvacala, Ioannes $#Kvačala, J. $#Chranovský, Ivan $#Kvačala, Johann $#Kvačala, Joannes $#Kvačala, Ivan $#Kvacala, Josef $#Kvačala, Ioannes $7117555460 $8Kvačala, Jan$Z1862-1934 [Tp1] $9151324433 
044K    $RTsevi Hirsh ben Eliyah Libeḳ $RNeumark, Natan ben Löb $RRofe, Ahron ben Mosche $#Jablonski, ... $#Figulus, Daniel Ernst $#Jablonski, Daniel-Ernst $#Jablonski, Daniel Ernestus $#Jablonskj, Daniel Ernst $#Jabłonski, Daniel Ernest $#Jabłoński, Daniel Ernest $#Jablonski, Daniel E. $#Jablonsky, D. E. $#Jablonsky, Daniel Ernst $#Jablonski, Daniel Ernst $7115468277 $8Jablonski, Daniel Ernst$Z1660-1741 [Tp1] $9149669488 
044K    $RBrief $#Correspondence $#Correspondance $#Corrispondenza $#Korrespondenz Schriftverkehr $74180011-4 $8Schriftverkehr [Ts1] $9085858447 
044K    $RWissenschaftler $RWeibliche Gelehrte $#Scholars $#Savants $#Studiosi $#Gelehrte $74156443-1 $8Gelehrter [Ts1] $9085668680 
045F    $a370.9430709034 $eDDC23BSB 
045F/01 $a370.9 
045F/03 $f09034 
045F/03 $f09041 
045F/03 $g4307 
045F/03 $g4373 
045F/03 $g4371 
045R    $aGeschichte 1890-1910 

lok: 43955614 78

exp: 43955614 78 1 #EPN
201B/01 $004-12-18 $t09:09:39.000 
201C/01 $004-12-18 
201U/01 $0utf8 
203@/01 $01035752778 
208@/01 $a04-12-18 $be 
209A/01 $a/ $f000 $x00 
209A/01 $ab*p $x01 
220C/01 $apgar 
244Z/01 $#Slowakei $#Slowakei $#Slowakische Republik $#Oberungarn $#Slovensko $#Slovenská Republika $#Slovenská SR $#SSR $#Slovakia $#Slovaquie $#Slovak Republic $#République Slovaque $#Slovenská Socialistická Republika $#Slowakische Sozialistische Republik $#Slovak Socialist Republic $#République Socialiste Slovaque $74055297-4 $8--Tg1--Slowakei $x01 $9085153834 
244Z/01 $#Preußen $#Preußen $#Brandenburg-Preußen $#Königreich Preußen $#Preußische Staaten $#Preußischer Staat $#Der @Preußische Staat $#Königlich Preußische Staaten $#Prusy Królewskie $#Königlich Preußen $#Prussia $74047194-9 $8--Tg1--Preußen $x02 $9085131652 
247C/01 $82080>Marburg/Lahn, Herder-Institut, Forschungsbibliothek, Bibliographieportal $9336309341
LEADER 00000caa a2200000 c 4500
001 439556147
003 DE-603
005 20181204233843.0
007 tu
008 181204s2018 xx |||| | u00||u|ger c
035 |a (DE-599)HEB439556147 
040 |a DE-603  |b ger  |c DE-603  |d DE-603  |e rda 
041 |a ger 
082 0 4 |8 1\u  |a 370.9430709034  |q DE-101  |2 23/BSB 
085 |8 1\u  |b 370.9 
085 |8 1\u  |z 1  |s 09034 
085 |8 1\u  |z 1  |s 09041 
085 |8 1\u  |z 2  |s 4307 
085 |8 1\u  |z 2  |s 4373 
085 |8 1\u  |z 2  |s 4371 
100 1 |a Bernát, Libor  |d 1958-  |e Verfasser  |4 aut  |0 (DE-603)343555093  |0 (DE-588)1053692854  |2 gnd 
245 0 0 |a Ján Kvačalas wissenschaftliche Korrespondenz im Umfeld seiner Studien zu Leben und Werk Daniel Emst Jablonskis  |c Libor Bernát 
264 0 |c 2018 
300 |b 1 Illustration 
336 |a Text  |b txt  |2 rdacontent 
337 |a ohne Hilfsmittel zu benutzen  |b n  |2 rdamedia 
338 |a Band  |b nc  |2 rdacarrier 
600 1 7 |a Kvačala, Jan  |d 1862-1934  |0 (DE-588)117555460  |0 (DE-603)151324433  |2 gnd 
600 1 7 |a Jablonski, Daniel Ernst  |d 1660-1741  |0 (DE-588)115468277  |0 (DE-603)149669488  |2 gnd 
648 7 |a Geschichte 1890-1910  |2 gnd 
650 7 |a Schriftverkehr  |0 (DE-588)4180011-4  |0 (DE-603)085858447  |2 gnd 
650 7 |a Gelehrter  |0 (DE-588)4156443-1  |0 (DE-603)085668680  |2 gnd 
773 0 8 |i Enthalten in  |t Zwischen Dorpat, Pressburg und Wien  |d Wiesbaden : Harrassowitz Verlag, 2018  |h 398 Seiten, Illustrationen  |z 9783447110440  |z 3447110449  |g (2018), Seite 99-112  |w (DE-603)43324769X 
924 0 |9 2080  |a (DE-603)1035752778  |b DE-2080  |c HES  |d d  |g /